|
|
|
|
| LEADER |
01597cas a2200241 a 4500 |
| 001 |
AALejournalIMF008781 |
| 008 |
230101c9999 xx r poo 0 0eng d |
| 020 |
|
|
|c 5.00 USD
|
| 020 |
|
|
|z 9781451835502
|
| 022 |
|
|
|a 1934-7685
|
| 040 |
|
|
|a BD-DhAAL
|c BD-DhAAL
|
| 110 |
2 |
|
|a International Monetary Fund.
|
| 245 |
1 |
0 |
|a Slovak Republic :
|b Selected Issues and Statistical Appendix.
|
| 264 |
|
1 |
|a Washington, D.C. :
|b International Monetary Fund,
|c 2005.
|
| 300 |
|
|
|a 1 online resource (114 pages)
|
| 490 |
1 |
|
|a IMF Staff Country Reports
|
| 500 |
|
|
|a <strong>Off-Campus Access:</strong> No User ID or Password Required
|
| 500 |
|
|
|a <strong>On-Campus Access:</strong> No User ID or Password Required
|
| 506 |
|
|
|a Electronic access restricted to authorized BRAC University faculty, staff and students
|
| 520 |
3 |
|
|a This Selected Issues paper evaluates competitiveness in Slovakia and estimates the equilibrium real exchange rate path for the koruna. It takes stock of Slovakia's growth performance over the past decade and assesses its growth potential over the medium term. It estimates the equilibrium real exchange rate appreciation in Slovakia using cross-section and time-series methods. The paper also presents production function estimates of potential output for Slovakia that imply sustainable rates of growth of 4.5-5.0 percent over the next five years.
|
| 538 |
|
|
|a Mode of access: Internet
|
| 830 |
|
0 |
|a IMF Staff Country Reports; Country Report ;
|v No. 2005/072
|
| 856 |
4 |
0 |
|z Full text available on IMF
|u http://elibrary.imf.org/view/journals/002/2005/072/002.2005.issue-072-en.xml
|z IMF e-Library
|